MARC details
| 000 -CABECERA |
| campo de control de longitud fija |
03616nam a22003257a 4500 |
| 003 - IDENTIFICADOR DEL NÚMERO DE CONTROL |
| campo de control |
OSt |
| 005 - FECHA Y HORA DE LA ÚLTIMA TRANSACCIÓN |
| campo de control |
20240828145108.0 |
| 007 - CAMPO FIJO DE DESCRIPCIÓN FÍSICA--INFORMACIÓN GENERAL |
| campo de control de longitud fija |
cr ||||||a|c|a |
| 008 - DATOS DE LONGITUD FIJA--INFORMACIÓN GENERAL |
| campo de control de longitud fija |
240826s2020 mx adb|fom||| 001 0 spa d |
| 040 ## - FUENTE DE LA CATALOGACIÓN |
| Normas de descripción |
rda |
| 100 1# - ENTRADA PRINCIPAL--NOMBRE DE PERSONA |
| Nombre de persona |
Martínez Hernández, Brayan Eduardo |
| 9 (RLIN) |
189474 |
| 245 10 - MENCIÓN DE TÍTULO |
| Título |
Indicadores de calentamiento global, selectividad y aprovechamiento de la dieta mediante la produccuón de gas / |
| Mención de responsabilidad, etc. |
por Brayan Eduardo Martínez Hernández; director Luis Alberto Miranda Romero; codirector Omar Slvador Flores; asesor Carlos Sánchez del Real |
| 264 #1 - PRODUCCIÓN, PUBLICACIÓN, DISTRIBUCIÓN, FABRICACIÓN Y COPYRIGHT |
| Producción, publicación, distribución, fabricación y copyright |
Chapingo, México : |
| Nombre del de productor, editor, distribuidor, fabricante |
El autor, |
| Fecha de producción, publicación, distribución, fabricación o copyright |
2020. |
| 300 ## - DESCRIPCIÓN FÍSICA |
| Extensión |
1 recurso en línea (46 páginas): |
| Otras características físicas |
Ilustraciones, cuadros, gráficas, tablas |
| 336 ## - TIPO DE CONTENIDO |
| Fuente |
rdacontent |
| Término de tipo de contenido |
texto |
| Código de tipo de contenido |
txt |
| 337 ## - TIPO DE MEDIO |
| Fuente |
rdamedia |
| Nombre/término del tipo de medio |
computadora |
| Código del tipo de medio |
c |
| 338 ## - TIPO DE SOPORTE |
| Fuente |
rdacarrier |
| Nombre/término del tipo de soporte |
recurso en línea |
| Código del tipo de soporte |
cr |
| 502 ## - NOTA DE TESIS |
| Tipo de título |
Maestría en Ciencias en Innovación Ganadera |
| Nombre de la institución que otorga el título |
Departamento de Enseñanza, Investigación y Servicio en Zootecnia, |
| Año de obtención del título |
2020. |
| Información miscelánea |
Maestría |
| 504 ## - NOTA DE BIBLIOGRAFÍA, ETC. |
| Nota de bibliografía, etc. |
Incluye referencias bibliográficas: páginas 2-5, 11-14, 24-25, 44-46 |
| 520 ## - SUMARIO, ETC. |
| Sumario, etc. |
La crianza de rumiantes contribuye sustancialmente a la emisión de gases de efecto invernadero (CH4 y CO2); consecuentemente, al calentamiento global de la tierra. En este sentido, la formulación de dietas para rumiantes debe cumplir los objetivos de promover la mejor respuesta productiva y causar el menor impacto en el calentamiento global. La selectividad que los rumiantes hacen del alimento que se les ofrece, puede afectar tales objetivos. El gas de fermentación ruminal, medido por la técnica de producción de gas in vitro(TPG), puede usarse como un marcador de la fracción fermentable del alimento y para obtener indicadores como los de selectividad, aprovechamiento de la fracción fermentable del alimento y, potencial de calentamiento global. El objetivo de esta investigación fue determinar tales indicadores en función de la relación de la energía metabolizable (EM) y proteína cruda (PC) del alimento, para lo cual se realizaron dos experimentos. En el primero de ellos se determinó el indicador del potencial de calentamiento global (IPCG) a partir de la producción por fermentación in vitro, de CO2 y CH4 de cinco dietas con proporciones distintas de EM y PC, así como de muestras de heces de corderos alimentados con tales dietas. En un segundo experimento, se determinaron los indicadores de selectividad animal (ISA), utilización de la fracción fermentable del alimento (IUFA), y del potencial de calentamiento global (IPCG) in vivo, considerando el gas producido (mL g-1 MS) in vitro por las muestras de alimento ofrecido, rechazado y heces producidas, y la cantidad de alimento, rechazo y heces (g d-1cordero-1). Los resultados mostraron que el IPCG obtenido con TPG in vitro, fue útil para estimar el impacto ambiental del alimento de acuerdo con el nivel de EM y PC de la dieta para rumiantes. Además, los indicadores del IPCG, ISA e IUFA in vivo variaron en función de la proporción EM:PC de la dieta, por lo que puede tener implicaciones útiles y prácticas para estimar su posible impacto en la respuesta productiva e impacto en el calentamiento global.<br/> |
| 650 #4 - PUNTO DE ACCESO ADICIONAL DE MATERIA--TÉRMINO DE MATERIA |
| Término de materia o nombre geográfico como elemento de entrada |
Emisiones de gases de efecto invernadero |
| 9 (RLIN) |
150647 |
| 650 #4 - PUNTO DE ACCESO ADICIONAL DE MATERIA--TÉRMINO DE MATERIA |
| Término de materia o nombre geográfico como elemento de entrada |
Alimentos |
| Subdivisión general |
Fermentación |
| 9 (RLIN) |
4223 |
| 650 #4 - PUNTO DE ACCESO ADICIONAL DE MATERIA--TÉRMINO DE MATERIA |
| Término de materia o nombre geográfico como elemento de entrada |
Energía metabolizable |
| 9 (RLIN) |
138949 |
| 650 #4 - PUNTO DE ACCESO ADICIONAL DE MATERIA--TÉRMINO DE MATERIA |
| Término de materia o nombre geográfico como elemento de entrada |
Corderos |
| Subdivisión general |
Engorda |
| 9 (RLIN) |
144080 |
| 700 1# - PUNTO DE ACCESO ADICIONAL--NOMBRE DE PERSONA |
| Nombre de persona |
Miranda Romero, Luis Alberto |
| 9 (RLIN) |
76103 |
| Término indicativo de función/relación |
director |
| 700 1# - PUNTO DE ACCESO ADICIONAL--NOMBRE DE PERSONA |
| Nombre de persona |
Salvador Flores, Omar |
| 9 (RLIN) |
189475 |
| Término indicativo de función/relación |
codirector |
| 700 1# - PUNTO DE ACCESO ADICIONAL--NOMBRE DE PERSONA |
| Nombre de persona |
Sánchez del Real, Carlos |
| 9 (RLIN) |
107464 |
| Término indicativo de función/relación |
asesor |
| 856 ## - LOCALIZACIÓN Y ACCESO ELECTRÓNICOS |
| Identificador Uniforme del Recurso |
http://10.13.5.2/tesis/tm/2020_ZO_Martinez_Hernandez_BrayanEduardo.pdf |
| Nota pública |
DESCARGAR PDF |
| 942 ## - ELEMENTOS DE PUNTO DE ACCESO ADICIONAL (KOHA) |
| Fuente del sistema de clasificación o colocación |
Clasificación Universidad Autónoma Chapingo |
| Tipo de ítem Koha |
Tesis digital |